Procurement and supply operations. / (Record no. 8945)
[ view plain ]
| 000 -LEADER | |
|---|---|
| fixed length control field | 00923nam a22002177a 4500 |
| 003 - CONTROL NUMBER IDENTIFIER | |
| control field | OSt |
| 005 - DATE AND TIME OF LATEST TRANSACTION | |
| control field | 20220608155716.0 |
| 008 - FIXED-LENGTH DATA ELEMENTS--GENERAL INFORMATION | |
| fixed length control field | 120524t xxu||||| |||| 00| 0 eng d |
| 020 ## - INTERNATIONAL STANDARD BOOK NUMBER | |
| International Standard Book Number | 9781861242235 |
| 040 ## - CATALOGING SOURCE | |
| Transcribing agency | LC |
| 050 ## - LIBRARY OF CONGRESS CALL NUMBER | |
| Classification number | HF5437.AC2.C48 |
| 110 ## - MAIN ENTRY--CORPORATE NAME | |
| Corporate name or jurisdiction name as entry element | CIPS |
| 245 ## - TITLE STATEMENT | |
| Title | Procurement and supply operations. / |
| Statement of responsibility, etc. | CIPS. |
| 260 ## - PUBLICATION, DISTRIBUTION, ETC. | |
| Place of publication, distribution, etc. | Stamford: |
| Name of publisher, distributor, etc. | Profex, |
| Date of publication, distribution, etc. | 2012. |
| 300 ## - PHYSICAL DESCRIPTION | |
| Extent | x, 151 p.: |
| Other physical details | ill; |
| 440 ## - SERIES STATEMENT/ADDED ENTRY--TITLE | |
| Title | CIPS study matters |
| Number of part/section of a work | AC2 |
| 500 ## - GENERAL NOTE | |
| General note | Advanced certificate in procurement and supply operations: course book |
| 505 ## - FORMATTED CONTENTS NOTE | |
| Formatted contents note | Contents: Obtaining supplies -- The right price -- Achieving quality supplies -- The right quantity at the right time -- Identifying procurement needs -- Creating specifications -- Sourcing and selecting suppliers -- Formation of agreements -- Electronic P2P systems -- Internet technologies in procurement -- Subject index -- |
| 650 ## - SUBJECT ADDED ENTRY--TOPICAL TERM | |
| Form subdivision | Procurement and supply |
| 942 ## - ADDED ENTRY ELEMENTS (KOHA) | |
| Source of classification or shelving scheme | Library of Congress Classification |
| Koha item type | Books |
| Withdrawn status | Lost status | Source of classification or shelving scheme | Damaged status | Not for loan | Home library | Current library | Shelving location | Date acquired | Full call number | Barcode | Date last seen | Price effective from | Koha item type |
|---|---|---|---|---|---|---|---|---|---|---|---|---|---|
| Library of Congress Classification | WISCONSIN INTERNATIONAL UNIVERSITY COLLEGE, GHANA KUMASI LIBRARY | WISCONSIN INTERNATIONAL UNIVERSITY COLLEGE, GHANA KUMASI LIBRARY | General Stacks | 20/11/2019 | HF5437.AC2c.C48 | K/2683/2683/19 | 18/03/2022 | 18/03/2022 | Books |
